| 000 | 00880nam a2200241 i 4500 | ||
|---|---|---|---|
| 001 | 12724 | ||
| 003 | ES-MaACL | ||
| 005 | 20250804223851.0 | ||
| 007 | t| | ||
| 008 | 921120s1992 sp |||| | spa | ||
| 020 | _a84-7232-642-X | ||
| 080 | _a1(081) Ortega y Gasset, José | ||
| 245 | 0 | 0 |
_aOrtega y Gasset / _cedición a cargo de James Maharg. |
| 260 |
_aMadrid : _bCultura Hispánica, _c[1992] |
||
| 300 |
_a160 p. ; _c24 cm. |
||
| 490 | 1 |
_aAntología del pensamiento político, social y económico español sobre América Latina ; _v2 |
|
| 504 | _aBibliografía: p. 158-160. | ||
| 600 | 1 | 4 |
_aOrtega y Gasset, José, _d1883-1955- _xPensamiento político _987510 |
| 700 | 1 |
_aMaharg, James. _975526 |
|
| 830 | 1 | 0 |
_aAntología del pensamiento político, social y económico español sobre América Latina _v2 _9179360 |
| 852 |
_aES-MaACL _jL-20024 |
||
| 999 |
_c12724 _d12724 |
||